[Event "76th ch-GER"]
[Site "Altenkirchen GER"]
[Date "2005.02.19"]
[Round "2"]
[White "Schinke,A"]
[Black "Kraemer,Mar"]
[Result "1/2-1/2"]
[WhiteElo "2191"]
[BlackElo "2357"]

1.e4 c5 2.c3 Nf6 3.e5 Nd5 4.d4 cxd4 5.Nf3 Nc6 6.Bc4 Nb6 7.Bb3 d5 8.exd6 Qxd6
9.O-O Be6 10.Bxe6 Qxe6 11.Nxd4 Nxd4 12.Qxd4 Rd8 13.Qh4 Qe2 14.Bd2 e6 15.Re1 Qb5
16.Bg5 Rd5 17.Bc1 Be7 18.Qg4 O-O 19.Bh6 Bf6 20.Nd2 Kh8 21.a4 Qd7 22.Ne4 Be5
23.Be3 f5 24.Qf3 Nc4 25.b3 Nxe3 26.Rxe3 Qe7 27.Nd2 Bxh2+ 28.Kxh2 Rxd2 29.Rae1 Rd6
30.Qf4 Qd7 31.Qe5 h6 32.c4 Qc6 33.Rg3 Rf6 34.Rge3 Rg6 35.f3 Rf6 36.R3e2 Kh7
37.Re3 b6 38.R1e2 a5 39.Re1 Rf8 40.Qc3 Rfd8 41.Qe5 Rd3 42.R1e2 R8d6 43.Re1 Rxe3
44.Rxe3 Kg8 45.f4 Qc5 46.Qc3 Kf7 47.Qe5 Qxe5 48.Rxe5 g5 49.c5 bxc5 50.Rxc5 gxf4
51.Rxa5 Rb6 52.Ra7+ Kf6 53.Rh7 Rxb3 54.Rxh6+ Ke5 55.Rh3 Rb6 56.Ra3 Ra6 57.a5 Kd5
58.Ra1 e5 59.Kg1 Kc4 60.Rc1+ Kd5 61.Rd1+ Ke6 62.Ra1 Kf6 63.Kf2 Kg5 64.Ra4 e4
65.Ra3 Kg4 66.Ra4 Kg5 67.Ra3 Kf6 68.Ke2 Ke5 69.Ra1 Rg6 70.Kf1 Rh6 71.Kf2 e3+
72.Ke2 Rg6 73.Kf1 f3 74.gxf3 Kf4 75.a6 Kxf3 76.Ra3 Rb6 77.Kg1 Rb1+ 78.Kh2 Rb2+
79.Kg1 Rb1+ 80.Kh2 Rb8 81.a7 Ra8 82.Kg1 Ke2 83.Ra2+ Kd3 84.Kf1 f4 85.Kg2 e2
86.Kf2 Re8 87.Ra3+ Kd2 88.Ra2+ Kd3 89.Ra3+  1/2-1/2

[Event "71st ch-BRA"]
[Site "Sao Paulo BRA"]
[Date "2005.02.20"]
[Round "9"]
[White "Matsuura,E"]
[Black "Limp,E"]
[Result "1/2-1/2"]
[WhiteElo "2462"]
[BlackElo "2445"]

1.e4 c5 2.c3 Nf6 3.e5 Nd5 4.d4 cxd4 5.Nf3 Nc6 6.Bc4 Nb6 7.Bb3 d5 8.exd6 exd6
9.Nxd4 Be7 10.O-O O-O 11.Bf4 Nxd4 12.Qxd4 d5 13.Nd2 Be6 14.Rad1 Bf6 15.Be5 Bxe5
16.Qxe5 a5 17.a3 a4 18.Ba2 Ra5 19.Nf3 Bg4 20.Qf4 Bxf3 21.Qxf3 Rb5 22.Qe2 Qe8
23.Rfe1 Qc6 24.Rd4 g6 25.h4 Nc4 26.Bxc4 dxc4 27.Rxc4 Rxb2 28.Rxc6 Rxe2 29.Rxe2 bxc6
30.Re4 Ra8 31.Kf1 f5 32.Rb4 Kf7 33.Rb7+ Ke6 34.Rxh7 Kd5 35.Rg7 Kc4 36.Rxg6 c5
37.Rg3 Rh8 38.Rh3 Rh5 39.Ke2 Kb3 40.c4+ Kxc4 41.Kf3 Kd4 42.g4 fxg4+ 43.Kxg4 Rh8
44.h5 c4 45.h6 c3 46.Kg5 c2 47.Rh1 Kc3 48.Kg6 Kb2 49.Kg7 Rb8 50.h7 c1=Q  1/2-1/2

[Event "Aeroflot Open B"]
[Site "Moscow RUS"]
[Date "2005.02.21"]
[Round "7"]
[White "Sveshnikov,E"]
[Black "Moradiabadi,E"]
[Result "0-1"]
[WhiteElo "2511"]
[BlackElo "2439"]

1.e4 c5 2.c3 Nf6 3.e5 Nd5 4.Nf3 Nc6 5.Bc4 Nb6 6.Bb3 c4 7.Bc2 Qc7 8.Qe2 g5
9.e6 dxe6 10.Nxg5 Qe5 11.Ne4 f5 12.Ng3 Qxe2+ 13.Kxe2 h5 14.h4 Bg7 15.d4 cxd3+
16.Bxd3 Bd7 17.Na3 O-O-O 18.Bg5 Bf6 19.Bxf6 exf6 20.Rad1 Ne5 21.Bb5 Nd5 22.Rd4 Ng6
23.Bxd7+ Rxd7 24.Rhd1 e5 25.R4d2 Ndf4+ 26.Kf1 Rxd2 27.Rxd2 Nxh4 28.Nb5 Nhxg2
29.Nxa7+ Kb8 30.Nb5 h4 31.Nxf5 h3 32.Kg1 Ne1 33.Kh1 Nfd3 34.Nbd6 Rg8 35.Ng3 Rg4
36.Re2 Nf3 37.Nde4 f5 38.Nd2 e4 39.Nxf3 exf3 40.Rd2 Nxf2+ 41.Rxf2 Rxg3 42.c4 Kc7
43.b4 Kd6 44.a4 Ke5 45.c5 Kd4 46.Rf1 Ke3 47.b5 f2 48.Ra1 Rf3  0-1

[Event "Mayor de Chile"]
[Site "Santiago CHI"]
[Date "2005.02.23"]
[Round "10"]
[White "Diaz,Rob"]
[Black "Torres,Cr"]
[Result "1-0"]
[WhiteElo "2271"]
[BlackElo "2240"]

1.e4 c5 2.c3 Nf6 3.e5 Nd5 4.d4 cxd4 5.Nf3 Nc6 6.Bc4 Nb6 7.Bb3 g6 8.cxd4 Bg7
9.Qe2 d5 10.h3 O-O 11.Nc3 Bf5 12.O-O a6 13.Bf4 Re8 14.g4 Be6 15.Rfd1 f6 16.Ne4 Nd7
17.Nc5 Nxc5 18.dxc5 Qd7 19.Nd4 Nxd4 20.Rxd4 Qc6 21.Rc1 fxe5 22.Ba4 b5 23.cxb6 Qxb6
24.Bxe5 Rec8 25.Rcd1 Bf7 26.Bxg7 Kxg7 27.Qxe7 Qxb2 28.Rf4 Rf8 29.Kg2 a5 30.Rd3 Kg8
31.Rdf3 Qg7 32.Bc6  1-0

[Event "76th ch-GER"]
[Site "Altenkirchen GER"]
[Date "2005.02.24"]
[Round "7"]
[White "Wisnewski,C"]
[Black "Sprenger,J"]
[Result "1/2-1/2"]
[WhiteElo "2401"]
[BlackElo "2491"]

1.e4 c5 2.c3 Nf6 3.e5 Nd5 4.Nf3 Nc6 5.Bc4 Nb6 6.Bb3 d5 7.exd6 Qxd6 8.Na3 Be6
9.d4 cxd4 10.Nb5 Qd7 11.Bxe6 Qxe6+ 12.Be3 Qd7 13.Nbxd4 e6 14.Qe2 Be7 15.Nxc6 Qxc6
16.Ne5 Qd5 17.Bxb6 axb6 18.O-O Bd6 19.Nc4 Bc7 20.Ne3 Qd6 21.g3 O-O-O 22.a4 h5
23.Rfd1 Qc6 24.Rxd8+ Bxd8 25.Nc4 h4 26.Ne5 Qc7 27.a5 bxa5 28.Ra4 Kb8 29.Qb5 hxg3
30.hxg3 f6 31.Nd7+ Ka7 32.Nc5 Qc6 33.Qxc6 bxc6 34.Nxe6 Re8 35.Nxd8 Rxd8 36.Rxa5+ Kb6
37.b4 Rd2 38.Kg2 Kc7 39.Ra7+ Kd6 40.c4 Rb2 41.Rb7 g5 42.g4 Rc2 43.c5+ Ke5
44.Re7+ Kd4 45.Rd7+ Ke4 46.Rd6 Rc4 47.Kg3 Rxb4 48.Rxc6 Rc4 49.Rc8 Rc3+ 50.f3+ Kd5
51.Rd8+ Ke5 52.Rc8  1/2-1/2

[Event "12th Metalis Open"]
[Site "Bizovac CRO"]
[Date "2005.02.25"]
[Round "3"]
[White "Stevic,H"]
[Black "Kristovic,M"]
[Result "1-0"]
[WhiteElo "2502"]
[BlackElo "2346"]

1.e4 c5 2.c3 Nf6 3.e5 Nd5 4.d4 cxd4 5.Nf3 e6 6.cxd4 b6 7.Nc3 Nxc3 8.bxc3 Qc7
9.Bd2 Bb7 10.Bd3 d6 11.O-O Nd7 12.Ng5 dxe5 13.Qh5 Nf6 14.Bb5+ Kd8 15.Qxf7 Qe7
16.dxe5 Ne4 17.Rad1 Kc8 18.Qxe6+ Qxe6 19.Nxe6 a6 20.Be3 Bc5 21.Bd7+ Kb8 22.Nxc5 bxc5
23.e6 Nxc3 24.Rd3 Ne2+ 25.Kh1 a5 26.Re1 Ba6 27.Rd2 Kc7 28.Bxc5 Rhd8 29.Bd6+  1-0

[Event "Tch-CRO U20"]
[Site "Sv. Filip i Jakov CRO"]
[Date "2005.03.01"]
[Round "5"]
[White "Plenkovic,B"]
[Black "Saric,Iv"]
[Result "0-1"]
[WhiteElo "2122"]
[BlackElo "2273"]

1.e4 c5 2.c3 Nf6 3.e5 Nd5 4.d4 cxd4 5.Nf3 Nc6 6.Bc4 e6 7.O-O d6 8.cxd4 Be7
9.exd6 Qxd6 10.Nc3 Nxc3 11.bxc3 O-O 12.Re1 Rd8 13.Bb3 b5 14.a3 Bb7 15.Bg5 Rac8
16.Re3 Na5 17.Bxe7 Bxf3 18.Bxd6 Bxd1 19.Bxd1 Rxd6 20.a4 Nc4 21.Rh3 bxa4 22.Rxa4 Nb2
23.Ra1 Rdc6 24.Be2 Rxc3 25.Rxc3 Rxc3 26.g3 g6 27.Rxa7 Rc2 28.Kf1 Rc1+ 29.Kg2 Nc4
30.Kf3 Nb6 31.Bd3 Nd5 32.Be4 Nf6 33.Bd3 Rc3 34.Ke2 Ng4 35.Bb5 Rc2+ 36.Kd3 Rxf2  0-1

[Event "XI Anibal Open"]
[Site "Linares ESP"]
[Date "2005.03.02"]
[Round "7"]
[White "Parfjonov,P"]
[Black "Dziuba,M"]
[Result "1-0"]
[WhiteElo "2262"]
[BlackElo "2416"]

1.e4 c5 2.c3 Nf6 3.e5 Nd5 4.d4 cxd4 5.Nf3 e6 6.cxd4 b6 7.Bc4 Bb7 8.O-O d6
9.Re1 Nd7 10.Bxd5 Bxd5 11.Nc3 Bxf3 12.Qxf3 d5 13.Qg4 Nb8 14.Nb5 Nc6 15.Bf4 Rc8
16.Nd6+ Bxd6 17.Qxg7 Kd7 18.exd6 Qg8 19.Qf6 Qg6 20.Qh4 f6 21.Bg3 Nb4 22.Rad1 h5
23.Qf4 Rhg8 24.h4 Nc2 25.Re2 Rc4 26.Red2 e5 27.Qf3 Nxd4 28.Qxd5 Rc6 29.Rxd4 exd4
30.Re1 Rgc8 31.Qe6+  1-0

[Event "ch-RUS u20"]
[Site "Nojabrsk RUS"]
[Date "2005.03.02"]
[Round "1"]
[White "Khairullin,I"]
[Black "Novikov,S"]
[Result "1/2-1/2"]
[WhiteElo "2507"]
[BlackElo "2514"]

1.e4 c5 2.c3 Nf6 3.e5 Nd5 4.d4 cxd4 5.Nf3 e6 6.cxd4 b6 7.Nc3 Nxc3 8.bxc3 Qc7
9.Bd2 d6 10.Bd3 Nd7 11.Ng5 Bb7 12.O-O dxe5 13.Qh5 g6 14.Qh3 Be7 15.Rfe1 Bd5
16.Rac1 Bc4 17.Qf3 O-O 18.Nxf7 Bxd3 19.Nh6+ Kh8 20.Qxd3 Bf6 21.Ng4 Bg7 22.Qg3 Qc4
23.Nxe5 Nxe5 24.dxe5 Qxa2 25.Be3 Qc4 26.Bd4 Qc6 27.Qe3 Rfb8 28.Rb1 Rb7 29.h4 b5
30.Qh3 a5 31.h5 gxh5 32.Qxh5 a4 33.Qe2 a3 34.Qa2 Bf8 35.f4 Rf7 36.Rf1 Qc4
37.Qxc4 bxc4 38.Rf2 h5 39.g3 Kh7 40.Kg2 Bh6 41.Be3 Rd7 42.Bd4 Rf7 43.Be3 Rd8
44.Bd4 h4 45.gxh4 Rxf4 46.Rxf4 Bxf4 47.Ra1 Ra8 48.Kf3 Bh6 49.Bc5 Ra5 50.Bb4 Rxe5
51.Rxa3 Kg6 52.Ra5 Rxa5 53.Bxa5 Kf5 54.Bb4 e5 55.Ba5 Bg7 56.Bb4 Bf6 57.h5 Bg7
58.Ke2 Bh6 59.Bd6 e4 60.Bc5 Kg4 61.Be3 Bg7 62.Bd2 Kxh5  1/2-1/2

[Event "ch-RUS u20"]
[Site "Nojabrsk RUS"]
[Date "2005.03.04"]
[Round "3"]
[White "Nepomniachtchi,I"]
[Black "Timofeev,Arty"]
[Result "0-1"]
[WhiteElo "2483"]
[BlackElo "2619"]

1.e4 c5 2.c3 Nf6 3.e5 Nd5 4.d4 cxd4 5.Nf3 Nc6 6.Bc4 Nb6 7.Bb3 d5 8.exd6 Qxd6
9.O-O Be6 10.Bxe6 Qxe6 11.Nxd4 Nxd4 12.Qxd4 Rd8 13.Qb4 Qc6 14.a4 a6 15.a5 Nd5
16.Qa4 Qxa4 17.Rxa4 e5 18.Nd2 Nf4 19.Nf3 Ne2+ 20.Kh1 Nxc1 21.Rxc1 f6 22.Kg1 Bc5
23.Rc4 Rc8 24.Kf1 Ke7 25.Ke2 Ke6 26.Nd2 h5 27.f4 Rhe8 28.Rf1 exf4 29.Rfxf4 f5
30.Rf3 g5 31.Nb3 Kf6+ 32.Kd3 g4 33.Rf1 Rcd8+ 34.Nd4 Re5 35.b4 Bd6 36.g3 h4
37.gxh4 Rd5 38.Re1 Bxh2 39.Re6+ Kf7 40.Rb6 R8d7 41.Ke2 f4 42.Rc5 Re7+ 43.Kd3 Rxc5
44.bxc5 g3 45.Rb2 Re3+ 46.Kc4 f3 47.Rxb7+ Kg6 48.Rb6+ Kh5 49.Nf5 Re5 50.c6 f2
51.Rb1 Rxf5  0-1

[Event "ch-RUS u20"]
[Site "Nojabrsk RUS"]
[Date "2005.03.06"]
[Round "5"]
[White "Khairullin,I"]
[Black "Timofeev,Arty"]
[Result "1/2-1/2"]
[WhiteElo "2507"]
[BlackElo "2619"]

1.e4 c5 2.c3 Nf6 3.e5 Nd5 4.d4 cxd4 5.Nf3 Nc6 6.cxd4 d6 7.Bc4 Nb6 8.Bb5 dxe5
9.Nxe5 Bd7 10.Nxd7 Qxd7 11.Nc3 e6 12.O-O Rc8 13.Bg5 a6 14.Bxc6 Rxc6 15.Qb3 h6
16.Be3 Be7 17.d5  1/2-1/2

[Event "ch-RUS u20g"]
[Site "Nojabrsk RUS"]
[Date "2005.03.06"]
[Round "5"]
[White "Nazarova,A"]
[Black "Kursova,M"]
[Result "1-0"]
[WhiteElo "2303"]
[BlackElo "2308"]

1.e4 c5 2.c3 Nf6 3.e5 Nd5 4.d4 cxd4 5.cxd4 e6 6.Nf3 d6 7.Bc4 Nc6 8.O-O Be7
9.Qe2 O-O 10.Qe4 Qc7 11.Bd3 g6 12.Bh6 Rd8 13.Nbd2 Bd7 14.Rac1 Be8 15.Nc4 dxe5
16.dxe5 Ncb4 17.Bb1 Bc6 18.Qg4 b5 19.Nd6 Bxd6 20.exd6 Qxd6 21.a3 Na6 22.Qd4 f6
23.Qg4 Be8 24.h4 e5 25.h5 Ne7 26.Nh4 Bd7 27.Ba2+ Nd5 28.Qe4 Bf5 29.Nxf5 gxf5
30.Qxf5  1-0

[Event "Sozina Open"]
[Site "Bar SCG"]
[Date "2005.03.07"]
[Round "4"]
[White "Kalezic,B"]
[Black "Vuckovic,Bo"]
[Result "1/2-1/2"]
[WhiteElo "2445"]
[BlackElo "2525"]

1.e4 c5 2.c3 Nf6 3.e5 Nd5 4.d4 cxd4 5.Nf3 Nc6 6.cxd4 d6 7.exd6 Bg4 8.Be2 e6
9.Nc3 Bxd6 10.Nxd5 exd5 11.O-O O-O 12.h3 Bh5 13.Bd2 Re8 14.Bc3 Qf6 15.Re1 Re4
16.Nd2 Rxe2 17.Rxe2 Bxe2 18.Qxe2 Bc7 19.Nf3 Bb6 20.Re1 h6 21.Qd3  1/2-1/2

[Event "ch-BLR"]
[Site "Minsk BLR"]
[Date "2005.03.07"]
[Round "4"]
[White "Zhigalko,S"]
[Black "Trifonov,D"]
[Result "1-0"]
[WhiteElo "2474"]
[BlackElo "2347"]

1.e4 c5 2.c3 Nf6 3.e5 Nd5 4.Nf3 Nc6 5.Bc4 Nb6 6.Bb3 c4 7.Bc2 Qc7 8.Qe2 g5
9.h3 Bg7 10.O-O Nxe5 11.Nxg5 d5 12.a4 h6 13.Nf3 Nxf3+ 14.Qxf3 Be6 15.d4 cxd3
16.Bxd3 a6 17.Re1 Nd7 18.Bf4 Qb6 19.a5 Qc6 20.Nd2 Nc5 21.Bc2 d4 22.Ne4 Bb3
23.Bxb3 Nxb3 24.Ra3 Nc5 25.Nxc5 Qxc5 26.Qxb7 O-O 27.Qxe7 Qxe7 28.Rxe7 dxc3
29.bxc3 Rfc8 30.Rb3 Rc5 31.Rbb7 Rf5 32.Bd2 Rd8 33.g4 Rxa5 34.Rxf7 Be5 35.Bxh6 Bxc3
36.Bg7 Bxg7 37.Rxg7+ Kh8 38.Kg2 Ra1 39.Rgd7 Rc8 40.h4 Ra4 41.f3 Ra2+ 42.Kg3 Ra1
43.Rh7+ Kg8 44.Rbg7+ Kf8 45.Rh8+ Kxg7 46.Rxc8 a5 47.Ra8 a4 48.Kf4 a3 49.Kf5 a2
50.Ra7+ Kf8 51.h5  1-0

[Event "Sozina Open"]
[Site "Bar SCG"]
[Date "2005.03.08"]
[Round "5"]
[White "Peptan,C"]
[Black "Djukic,Ni"]
[Result "1-0"]
[WhiteElo "2434"]
[BlackElo "2504"]

1.e4 c5 2.c3 Nf6 3.e5 Nd5 4.g3 Nc6 5.Bg2 Qc7 6.Qe2 e6 7.Nf3 Be7 8.d3 O-O
9.O-O b6 10.c4 Ndb4 11.a3 Na6 12.Nc3 Bb7 13.Bf4 Rad8 14.Ne4 Qc8 15.Nfg5 h6
16.Qh5 Nd4 17.Nf6+ gxf6 18.exf6 Bxf6 19.Qxh6 Bxg5 20.Qxg5+ Kh7 21.Qh5+ Kg8
22.Be5 f6 23.Qg6+ Kh8 24.Bxf6+ Rxf6 25.Qxf6+ Kh7 26.Qf7+ Kh6 27.f4 Bxg2 28.g4  1-0

[Event "Sozina Open"]
[Site "Bar SCG"]
[Date "2005.03.09"]
[Round "6"]
[White "Simovic,D"]
[Black "Bajkovic,N"]
[Result "1/2-1/2"]
[WhiteElo "2013"]
[BlackElo "2183"]

1.e4 c5 2.c3 Nf6 3.e5 Nd5 4.d4 cxd4 5.Nf3 Nc6 6.cxd4 e6 7.Bd3 Be7 8.O-O f5
9.exf6 Bxf6 10.Nc3 Nxc3 11.bxc3 O-O 12.Ba3 d6 13.Qc2 h6 14.Rfe1 Qc7 15.Rad1 Ne7
16.Be4 Bd7 17.Qb3 Nc6 18.Bf5 Nd8 19.Bb1 Be8 20.h3 Rc8 21.Re3 Kh8 22.Qc2 g6
23.Ne5 Rg8 24.Ng4 Bg7 25.Rf3  1/2-1/2

[Event "ch-BLR"]
[Site "Minsk BLR"]
[Date "2005.03.09"]
[Round "6"]
[White "Maljush,A"]
[Black "Fedorov,Alex"]
[Result "0-1"]
[WhiteElo "2413"]
[BlackElo "2603"]

1.e4 c5 2.c3 Nf6 3.e5 Nd5 4.Nf3 Nc6 5.Bc4 Nb6 6.Bb3 c4 7.Bc2 Qc7 8.Qe2 g5
9.h3 Bg7 10.O-O Nxe5 11.Nxg5 d5 12.a4 Bd7 13.Re1 e6 14.a5 Nc8 15.d4 cxd3
16.Bxd3 h6 17.Nf3 Nxd3 18.Qxd3 Ne7 19.a6 b6 20.Na3 O-O 21.Nb5 Qb8 22.Nh4 e5
23.Nd4 e4 24.Qd2 Qe5 25.Nhf3 Qh5 26.Nh2 Ng6 27.Ne2 Be6 28.Nf1 Kh7 29.Nfg3 Qh4
30.Nd4 Bxd4 31.Qxd4 f5 32.c4 f4 33.Nf1 e3 34.Nxe3 fxe3 35.Qxh4 Nxh4 36.Bxe3 Rg8
37.Kf1 Nxg2 38.Bxb6 Nxe1  0-1

[Event "ch-BLR"]
[Site "Minsk BLR"]
[Date "2005.03.11"]
[Round "8"]
[White "Maljush,A"]
[Black "Zhigalko,A"]
[Result "0-1"]
[WhiteElo "2413"]
[BlackElo "2532"]

1.e4 c5 2.c3 Nf6 3.e5 Nd5 4.Nf3 Nc6 5.Bc4 Nb6 6.Bb3 g6 7.d4 cxd4 8.cxd4 d5
9.O-O Bg7 10.h3 O-O 11.Nc3 Bf5 12.Nh4 Bd7 13.f4 e6 14.Nf3 Rc8 15.Be3 Na5
16.Bf2 Nbc4 17.Qe2 Qb6 18.Ba4 Bxa4 19.Nxa4 Qb5 20.b3 Nd6 21.Qxb5 Nxb5 22.Rfc1 b6
23.Be1 Nc6 24.Rd1 Rc7 25.Nb2 Na3 26.Rac1 Rfc8 27.Nd3 Bf8 28.Kf1 Nb5 29.Nf2 Ba3
30.Rc2 Ne7 31.Rxc7 Rxc7 32.g4 Rc2 33.Rd2 Rxd2 34.Bxd2 Nc6 35.Be3 Bb2 36.Nd3 Bc3
37.Ke2 Nbxd4+ 38.Bxd4 Bxd4 39.b4 b5 40.Nxd4 Nxd4+ 41.Ke3 Nc6 42.f5 gxf5 43.gxf5 exf5
44.Kf4 Nd4 45.Nc5 Kg7 46.Nb7 Kg6 47.Nd6 a6 48.a3 Ne6+ 49.Ke3 f6 50.exf6 Kxf6
51.h4 f4+ 52.Kf3 Ke5 53.Nf7+ Kd4 54.h5 Kc3 55.h6 d4 56.Ke2 d3+ 57.Kd1 f3
58.Nd6 Ng5  0-1

[Event "ch-RUS u20"]
[Site "Nojabrsk RUS"]
[Date "2005.03.11"]
[Round "10"]
[White "Khairullin,I"]
[Black "Alekseev,Evgeny"]
[Result "1/2-1/2"]
[WhiteElo "2507"]
[BlackElo "2605"]

1.e4 c5 2.c3 Nf6 3.e5 Nd5 4.Nf3 d6 5.d4 cxd4 6.Qxd4 e6 7.Nbd2 Nc6 8.Bb5 Bd7
9.Bxc6 Bxc6 10.Nc4 dxe5 11.Ncxe5 h6 12.O-O Qb6 13.c4 Nf6 14.Qxb6  1/2-1/2

[Event "ch-Privolzhsky Region"]
[Site "Ishevsk RUS"]
[Date "2005.03.17"]
[Round "2"]
[White "Gataullin,A"]
[Black "Pushin,V"]
[Result "0-1"]
[WhiteElo "2137"]
[BlackElo "2256"]

1.e4 c5 2.c3 Nf6 3.e5 Nd5 4.d4 cxd4 5.cxd4 e6 6.Nf3 Nc6 7.Nc3 Nxc3 8.bxc3 d5
9.Bd3 Be7 10.O-O Na5 11.Ne1 Bd7 12.f4 Qc7 13.Qc2 g6 14.Nf3 Rc8 15.Qe2 a6
16.Bd2 Nc4 17.Be1 Ba3 18.Rb1 b5 19.g4 h5 20.Ng5 hxg4 21.Bf2 Be7 22.Rbc1 Rh5
23.Qxg4 Bxg5 24.fxg5 Nd2 25.Rfe1 Rxg5 26.Qxg5 Nf3+ 27.Kh1 Nxg5 28.Bh4 Nf3  0-1

[Event "Third Sat A"]
[Site "Novi Sad SCG"]
[Date "2005.03.19"]
[Round "1"]
[White "Pap,M"]
[Black "Stojanovski,D"]
[Result "1/2-1/2"]
[WhiteElo "2369"]
[BlackElo "2424"]

1.e4 c5 2.c3 Nf6 3.e5 Nd5 4.d4 cxd4 5.Nf3 e6 6.cxd4 d6 7.Bc4 Nc6 8.O-O Be7
9.Bd2 O-O 10.Nc3 dxe5 11.dxe5 Nxc3 12.Bxc3 b6 13.Qe2 Bb7 14.Bd3 Qc7 15.Rac1 Rfd8
16.Rfd1 Rac8 17.h4 Qb8 18.Qe4 g6 19.Qf4 Rd5 20.Be4 Rxd1+ 21.Rxd1 Rd8 22.Re1 Na5
23.h5 Bxe4 24.Rxe4 Rd1+ 25.Kh2 Qd8 26.Bb4 Bxb4 27.Rxb4 Nc6 28.Rc4 Ne7 29.Qf6 Nf5
30.Ng5 Nh6 31.hxg6 hxg6 32.Rh4 Qxf6 33.exf6 Rd5 34.f4 Nf5 35.Rh3 Nd6 36.Rc3 Rc5
37.Rd3 Rd5 38.Rc3 Rc5 39.Ra3 Ra5 40.Rxa5 bxa5 41.Kg3 a4 42.Kf2 Nc4 43.b3 axb3
44.axb3 Na5 45.b4 Nc6 46.b5 Nd4 47.Ke3 Nxb5 48.Kd3 Nc7 49.g3 Nd5 50.Ne4 Kh7
51.Kc4 Kh6 52.Ng5 Nxf6 53.Nxf7+ Kh5 54.Nd8 Kg4 55.Nxe6 Ne4 56.Kb5 Nxg3 57.Nf8 Kxf4
58.Nxg6+  1/2-1/2

[Event "Norwegian Open"]
[Site "Oslo NOR"]
[Date "2005.03.19"]
[Round "1"]
[White "Hersvik,A"]
[Black "Senff,M"]
[Result "1/2-1/2"]
[WhiteElo "2099"]
[BlackElo "2430"]

1.e4 c5 2.c3 Nf6 3.e5 Nd5 4.d4 cxd4 5.Nf3 Nc6 6.cxd4 d6 7.Bc4 Nb6 8.Bb5 dxe5
9.Nxe5 Bd7 10.Nxd7 Qxd7 11.Nc3 e6 12.O-O Be7 13.Qg4 O-O 14.Bxc6 bxc6 15.Rd1 Rfd8
16.Bh6 g6 17.Rac1 a5 18.h4 f5 19.Qg3 Kf7 20.Bg5 Rac8 21.Qf3 Kg8 22.Re1 Re8
23.Bxe7 Qxe7 24.g3 Qd6 25.Qe3 Nd7 26.Ne2 Nf6  1/2-1/2

[Event "11th Schloss Open"]
[Site "Werther GER"]
[Date "2005.03.20"]
[Round "5"]
[White "Braun,Vi"]
[Black "Hoffmann,Al1"]
[Result "1/2-1/2"]
[WhiteElo "2232"]
[BlackElo "2428"]

1.e4 c5 2.c3 Nf6 3.e5 Nd5 4.d4 cxd4 5.Nf3 d6 6.Bc4 e6 7.cxd4 Nc6 8.O-O Be7
9.Qe2 O-O 10.Nc3 dxe5 11.dxe5 Nxc3 12.bxc3 Qa5 13.Qe4 Rd8 14.Rb1 Qc7 15.Bf4 Bd7
16.Rfc1 Na5 17.Bd3 g6 18.Nd4 a6 19.Qe3 b5 20.Bg5 Bxg5 21.Qxg5 Be8 22.Be4 Ra7
23.h4 Nc4 24.Nf3 Qe7 25.Qf4 Rc7 26.h5 Rc5 27.hxg6 hxg6 28.Rd1 Rdc8 29.g3 Qc7
30.Kg2 Nxe5 31.Rh1 f5 32.Qh4 Qg7  1/2-1/2

[Event "ch-Privolzhsky Region"]
[Site "Ishevsk RUS"]
[Date "2005.03.21"]
[Round "6"]
[White "Fedoseev,Vl"]
[Black "Iliushkin,E"]
[Result "0-1"]
[WhiteElo "2334"]
[BlackElo "2312"]

1.e4 c5 2.c3 Nf6 3.e5 Nd5 4.d4 cxd4 5.cxd4 e6 6.Nf3 d6 7.Bc4 Nc6 8.O-O Be7
9.exd6 Qxd6 10.Nc3 Nxc3 11.bxc3 O-O 12.Qe2 b6 13.Rd1 Na5 14.Bd3 Bb7 15.Bd2 Bf6
16.Rac1 Rfd8 17.Be4 Bxe4 18.Qxe4 Rac8 19.Bg5 Qd5 20.Qf4 Bxg5 21.Nxg5 Rd7
22.h4 Nc4 23.Rd3 h6 24.Ne4 f5 25.Ng3 Ne5 26.Rdd1 Ng6 27.Qe3 Nxh4 28.f3 Rdc7
29.Qe2 Rxc3 30.Rxc3 Rxc3 31.Nh5 Ng6 32.Qd2 Qc4 33.Qe1 Kh7 34.d5 exd5 35.Qe6 Qc7
36.Qxf5 Rc1 37.Qd3 Rxd1+ 38.Qxd1 Qe5 39.g4 d4 40.Qc2 Qd6 41.Qd3 Kh8 42.Qe4 d3
43.Qb7 Qd4+ 44.Kg2 d2 45.Qf7 d1=Q 46.Qxg6 Q4d2+  0-1

[Event "Third Sat A"]
[Site "Novi Sad SCG"]
[Date "2005.03.21"]
[Round "3"]
[White "Franchini,G"]
[Black "Matulovic,M"]
[Result "1/2-1/2"]
[WhiteElo "2269"]
[BlackElo "2416"]

1.e4 c5 2.c3 Nf6 3.e5 Nd5 4.d4 cxd4 5.Nf3 Nc6 6.Bc4 Nb6 7.Bb3 d5 8.exd6 Qxd6
9.O-O Be6 10.Bxe6 Qxe6 11.Nxd4 Nxd4 12.Qxd4 Rd8 13.Qe3 Qxe3 14.Bxe3 Nc4 15.Bxa7 Nxb2
16.Na3 e6 17.Nb5 Na4 18.Rfd1 Rxd1+ 19.Rxd1 Bc5 20.Bxc5 Nxc5 21.Rd4 Ke7 22.Kf1 Ra8
23.a3 f6 24.Ke2 e5 25.Rc4 b6 26.Nc7 Rb8 27.Nd5+ Kd6 28.Ne3 g6 29.Rb4 Kc6
30.Ng4 Rf8 31.Ne3 Ra8 32.h4 Nd7 33.Rc4+ Kd6 34.Rb4 Kc6 35.Rc4+ Kd6 36.Rb4 Kc6  1/2-1/2

[Event "Norwegian Open"]
[Site "Oslo NOR"]
[Date "2005.03.22"]
[Round "4"]
[White "Richards,H"]
[Black "Bryn,T"]
[Result "1-0"]
[WhiteElo "2205"]
[BlackElo "1966"]

1.e4 c5 2.c3 Nf6 3.e5 Nd5 4.Nf3 e6 5.d4 cxd4 6.cxd4 d6 7.a3 Bd7 8.Bd3 Bc6
9.O-O Nd7 10.Qe2 dxe5 11.dxe5 g6 12.Nd4 Qc7 13.Nxc6 Qxc6 14.f4 O-O-O 15.b4 Kb8
16.Kh1 Bg7 17.Bb2 Qb6 18.Rf3 a5 19.Nd2 axb4 20.Nc4 Qc7 21.Be4 f6 22.axb4 fxe5
23.Rfa3 N7b6 24.Nxe5 Nxf4 25.Qb5 Nfd5 26.h3 Bxe5 27.Bxe5 Qxe5 28.Bxd5 Nxd5
29.Qc5 Qxa1+ 30.Rxa1 Rd7 31.b5 Rc8 32.Ra8+  1-0

[Event "XXXXII Open"]
[Site "La Roda ESP"]
[Date "2005.03.23"]
[Round "1"]
[White "Sanchez Sanchez,A"]
[Black "Delchev,A"]
[Result "0-1"]
[WhiteElo "2036"]
[BlackElo "2597"]

1.e4 c5 2.c3 Nf6 3.e5 Nd5 4.d4 cxd4 5.Nf3 e6 6.cxd4 d6 7.Nc3 Nxc3 8.bxc3 Qc7
9.Bd2 Nd7 10.exd6 Bxd6 11.Bd3 b6 12.O-O Bb7 13.h3 O-O 14.Qe2 Rfe8 15.Ng5 Nf6
16.Ne4 Nxe4 17.Bxe4 Bxe4 18.Qxe4 Ba3 19.Rab1 Qc4 20.Qc2 Rac8 21.Qb3 Qa6 22.Rfe1 Red8
23.Re5 Rc4 24.Rbe1 Bf8 25.R1e2 Rdc8 26.Be1 Bd6 27.R5e4 Qa5 28.Bd2 Qd5 29.Bf4 f5
30.Rxe6 Bxf4 31.Re8+ Rxe8 32.Rxe8+ Kf7 33.Rc8 b5 34.a4 Qe6  0-1

[Event "Norwegian Open"]
[Site "Oslo NOR"]
[Date "2005.03.23"]
[Round "5"]
[White "Ofstad,P"]
[Black "Gladyszev,O"]
[Result "0-1"]
[WhiteElo "2202"]
[BlackElo "2451"]

1.e4 c5 2.c3 Nf6 3.e5 Nd5 4.g3 d6 5.exd6 e6 6.Bg2 Bxd6 7.Ne2 Nc6 8.O-O O-O
9.d4 cxd4 10.Nxd4 Nxd4 11.Qxd4 Qc7 12.Nd2 Bd7 13.Ne4 Be5 14.Qd3 a6 15.Re1 Bb5
16.Qf3 Bc6 17.Qh5 Nf6 18.Nxf6+ Bxf6 19.Qc5 Rfe8 20.Be3 Rad8 21.Rad1 h6 22.Qb6 Qc8
23.Bxc6 bxc6 24.c4 e5 25.b3 h5 26.h4 Bxh4 27.Rxd8 Bxd8 28.Qb4 h4 29.c5 e4
30.Bf4 Qf5 31.Qd4 Bf6 32.Qc4 g5 33.Bd6 Kg7 34.Re3 hxg3 35.fxg3 Re6 36.b4 g4
37.Qxa6 Bd4 38.Qe2 Bxe3+ 39.Qxe3 Qd5 40.Qe2 f5 41.Bf4 Re8 42.Bc1 Kg6 43.Bb2 Re7  0-1

[Event "Spring Festival"]
[Site "Budapest HUN"]
[Date "2005.03.24"]
[Round "7"]
[White "Kun,G"]
[Black "Nguyen Ngoc Truongson"]
[Result "1-0"]
[WhiteElo "2336"]
[BlackElo "2520"]

1.e4 c5 2.c3 Nf6 3.e5 Nd5 4.d4 cxd4 5.Nf3 Nc6 6.cxd4 g6 7.Qb3 e6 8.Nc3 d6
9.Bg5 Qa5 10.Bb5 Bd7 11.O-O Nxc3 12.bxc3 Nxe5 13.Bxd7+ Nxd7 14.Qxb7 Rb8 15.Qc6 Qb6
16.Qa4 Be7 17.Bh6 Bf6 18.Qc2 Qc6 19.c4 Nb6 20.Rac1 d5 21.c5 Nc4 22.Qd3 Ke7
23.Rb1 Rxb1 24.Rxb1 Rc8 25.Nd2 Rc7 26.Nxc4 dxc4 27.Qxc4 Qe4 28.Rd1 g5 29.Qb4 Rb7
30.Qa3 Kd7 31.Rc1 Qc6 32.Qe3 Rb4 33.Bxg5 Bxd4 34.Qd2 Ra4 35.Bf6 Qd5 36.Bxd4 Rxd4
37.Qc2 Qe4 38.c6+ Kc8 39.Qb2 Rb4 40.Qh8+ Kc7 41.Qe8 Qc4 42.Qd7+ Kb6 43.Qb7+  1-0

[Event "Norwegian Open"]
[Site "Oslo NOR"]
[Date "2005.03.24"]
[Round "6"]
[White "Richards,H"]
[Black "Trygstad,K"]
[Result "1/2-1/2"]
[WhiteElo "2205"]
[BlackElo "2307"]

1.e4 c5 2.c3 Nf6 3.e5 Nd5 4.Nf3 Nc6 5.Bc4 Nb6 6.Bb3 d5 7.exd6 Qxd6 8.d4 cxd4
9.cxd4 Be6 10.Nc3 Bxb3 11.Qxb3 e6 12.O-O Qb4 13.Qc2 Be7 14.Qe4 O-O 15.a3 Qc4
16.Bg5 f5 17.Qh4 Bxg5 18.Nxg5 h6 19.Nf3 Rad8 20.Rad1 Nd5 21.Nb1 Nf6 22.Rfe1 Ne4
23.Nbd2 Nxd2 24.Rxd2 Rfe8  1/2-1/2

[Event "ch-RUS w 1st League"]
[Site "Samara RUS"]
[Date "2005.03.24"]
[Round "2"]
[White "Strelnikova,E"]
[Black "Stepovaia Dianchenko,T"]
[Result "0-1"]
[WhiteElo "2124"]
[BlackElo "2348"]

1.e4 c5 2.c3 Nf6 3.e5 Nd5 4.d4 cxd4 5.Nf3 e6 6.cxd4 d6 7.Nc3 Nc6 8.Be2 Nxc3
9.bxc3 dxe5 10.dxe5 Qxd1+ 11.Bxd1 Bd7 12.O-O Rc8 13.Be3 b6 14.Be2 Na5 15.Bd4 Be7
16.Nd2 O-O 17.f4 Rfd8 18.h3 Ba3 19.Rab1 Bc6 20.Nb3 Nb7 21.Ba6 Rc7 22.Rbd1 Rcd7
23.Bc4 g6 24.Rde1 Bd5 25.Bb5 Rc7 26.Rf2 Nc5 27.Bxc5 Bxc5 28.Nd4 Bb7 29.Rd2 a6
30.Be2 b5 31.Kf1 b4 32.Nxe6 Rxd2 33.Nxc7 bxc3 34.e6 fxe6 35.Nxe6 Ba7 36.Ng5 Bd5
37.Rc1 c2 38.Nf3 Bxf3 39.Bxf3 Be3 40.Ke1 Rf2 41.Be4 Bxc1  0-1

[Event "XXXXII Open"]
[Site "La Roda ESP"]
[Date "2005.03.25"]
[Round "5"]
[White "Garcia Fernandez,C"]
[Black "Mirzoev,A"]
[Result "0-1"]
[WhiteElo "2356"]
[BlackElo "2529"]

1.e4 c5 2.c3 Nf6 3.e5 Nd5 4.Nf3 Nc6 5.d4 cxd4 6.cxd4 g6 7.Qb3 e6 8.Nc3 Nxc3
9.bxc3 d6 10.Bb5 Bd7 11.Bf4 d5 12.h4 h6 13.Bd3 Qc7 14.Qc2 O-O-O 15.h5 g5
16.Bc1 Kb8 17.a4 Rc8 18.Kd1 Na5 19.Bb2 Nc4 20.Bxc4 Qxc4 21.Nd2 Qa6 22.Rh3 Be7
23.Ba3 Bxa4 24.Bd6+ Qxd6 25.Qxa4 Qb6 26.Rf3 Rhf8 27.g4 a6 28.Rb1 Qc6 29.Qc2 f5
30.exf6 Rxf6 31.Rxf6 Bxf6 32.Qg6 e5 33.Qxh6 exd4 34.cxd4  0-1